000 00675nam a2200181Ia 4500
008 090123s9999 xx 000 0 und d
082 _b24877
100 _a"राहेगांवकर,वाडिकर"
245 _aज्ञानेश्वरी अध्याय-12वा
250 _a1
260 _bअभय प्रकाशन
300 _a125
600 _a"राहेगांवकर,वाडिकर"
630 _aज्ञानेश्वरी अध्याय-12वा
700 _a"राहेगांवकर,वाडिकर"
730 _aज्ञानेश्वरी अध्याय-12वा
942 _cBOOK
999 _c62948
_d62948